ბათუმის შოთა რუსთაველის სახელმწიფო უნივერსიტეტის ბიბლიოთეკა

Цикличность осадконакопления (ბიბ.ჩანაწერი № 45564)

000 -LEADER
fixed length control field 00655nam a2200229Ia 4500
001 - CONTROL NUMBER
control field 12390
003 - CONTROL NUMBER IDENTIFIER
control field GE_BSU
008 - FIXED-LENGTH DATA ELEMENTS--GENERAL INFORMATION
fixed length control field 181216s||||||||xx |||||||||||||| ||und||
040 ## - CATALOGING SOURCE
Transcribing agency GE_BSU
080 ## - UNIVERSAL DECIMAL CLASSIFICATION NUMBER
Universal Decimal Classification number 551.3.051
100 ## - MAIN ENTRY--PERSONAL NAME
Personal name Дафф,П.
245 ## - TITLE STATEMENT
Title Цикличность осадконакопления
245 ## - TITLE STATEMENT
Remainder of title Фундаментальные труды
245 ## - TITLE STATEMENT
Statement of responsibility, etc. Ред.М.В.Федорова
260 ## - PUBLICATION, DISTRIBUTION, ETC.
Place of publication, distribution, etc. Москва
260 ## - PUBLICATION, DISTRIBUTION, ETC.
Name of publisher, distributor, etc. Мир
260 ## - PUBLICATION, DISTRIBUTION, ETC.
Date of publication, distribution, etc. 1971
300 ## - PHYSICAL DESCRIPTION
Extent 283стр.27см.
653 ## - INDEX TERM--UNCONTROLLED
Uncontrolled term Фундаментальные труды
653 ## - INDEX TERM--UNCONTROLLED
Uncontrolled term Цикличность осадконакопления
942 ## - ADDED ENTRY ELEMENTS (KOHA)
Koha item type წიგნი
ეგზემპლარები
Withdrawn status Lost status Damaged status Not for loan Date acquired Barcode Date last seen Price effective from Koha item type
        2018-12-17 20466 2018-12-17 2018-12-17 წიგნი